Computing with C# and the .NET framework (Record no. 6742)
[ view plain ]
| 000 -LEADER | |
|---|---|
| fixed length control field | 00991cam a22001814a 4500 |
| 020 ## - INTERNATIONAL STANDARD BOOK NUMBER | |
| ISBN | 0763723398 |
| 022 ## - INTERNATIONAL STANDARD SERIAL NUMBER | |
| ISSN | 9780763723392 |
| 050 00 - CALL NUMBER | |
| Classification number | QA76.73.C154 |
| Item number | .G44 |
| 100 1# - AUTHOR | |
| Personal name | Gittleman, Art, |
| 245 10 - TITLE | |
| Title | Computing with C# and the .NET framework |
| Statement of responsibility, etc | Arthur Gittleman. |
| 260 ## - PUBLICATION INFORMATION | |
| Place of publication | Boston : |
| Name of publisher | Jones and Bartlett Publishers, |
| Year of publication | c2003. |
| 300 ## - DESCRIPTION | |
| Number of Pages | xii, 753 p. : |
| Other physical details | ill. ; |
| Dimensions | 23 cm. + |
| Accompanying material | 1 CD-ROM (4 3/4 in.) |
| 500 ## - NOTES | |
| General note | Includes index. |
| 505 ## - FORMATTED CONTENTS NOTE | |
| Table of Content | Computing with C# --<br/>C# programming basics --<br/>Software engineering with control structures --<br/>More control structures and types --<br/>Getting started with object-oriented programming --<br/>Working with objects --<br/>Arrays --<br/>Event-driven programming --<br/>User interfaces --<br/>Inheritance --<br/>Exception handling and input/output --<br/>Data structures --<br/>Threads and animation --<br/>Networking --<br/>Using a database --<br/>ASP.NET --<br/>XML and web services. |
| 650 #0 - SUBJECTS | |
| Topical Term | C# (Computer program language) |
| 650 #0 - SUBJECTS | |
| Topical Term | Microsoft .NET Framework. |
| 942 ## - ADDED ENTRY ELEMENTS (KOHA) | |
| Koha item type | Books |
| Withdrawn status | Lost status | Collection code | Home library | Current library | Shelving location | Date acquired | Full call number | Accession Number | Koha item type |
|---|---|---|---|---|---|---|---|---|---|
| Reference | Methodist University Library Main | Methodist University Library Main | General Stacks | QA76.73.C154 .G44 | 8155 | Books |